[Event "21. Open Cappelle la Grande"]
[Site "Cappelle la Grande FRA"]
[Date "2005.02.18"]
[Round "8"]
[White "Milanovic, Danilo"]
[Black "Yevseev, Denis"]
[Result "1-0"]
[WhiteElo "2447"]
[BlackElo "2550"]
[PlyCount "83"]
[EventDate "2005.02.12"]
[EventType "swiss"]
[EventRounds "9"]
[EventCountry "FRA"]
[Source "lmi"]
[SourceDate "2005.02.18"]

1. d4 Nf6 2. c4 g6 3. Nc3 Bg7 4. e4 d6 5. Be2 O-O 6. Nf3 Na6 7. O-O e5 8. Be3
Ng4 9. Bg5 Qe8 10. dxe5 dxe5 11. h3 f6 12. Bd2 Nh6 13. Be3 Nf7 14. c5 c6 15.
Nd2 f5 16. exf5 gxf5 17. Bxa6 bxa6 18. f4 Rb8 19. Qc2 a5 20. Rfe1 Ba6 21. Nb3
a4 22. Nxa4 Rb4 23. Nc3 Qb8 24. Qf2 exf4 25. Bd4 Ne5 26. Bxe5 Bxe5 27. Rad1 Bc4
28. Rd7 Rf7 29. Qd2 Bf6 30. Rd6 f3 31. gxf3 Bxb3 32. axb3 Rd4 33. Qh2 Rxd6 34.
cxd6 Rd7 35. Rd1 Qxb3 36. Qe2 Kf8 37. Kh1 Kf7 38. Re1 Kg7 39. Qe8 Qf7 40. Rg1+
Kh6 41. Qe3+ Kh5 42. Ne2 1-0

[Event "21. Open Cappelle la Grande"]
[Site "Cappelle la Grande FRA"]
[Date "2005.02.18"]
[Round "8"]
[White "Mira, Helene"]
[Black "Rendle, Thomas"]
[Result "1/2-1/2"]
[WhiteElo "2184"]
[BlackElo "2370"]
[PlyCount "80"]
[EventDate "2005.02.12"]
[EventType "swiss"]
[EventRounds "9"]
[EventCountry "FRA"]
[Source "lmi"]
[SourceDate "2005.02.18"]

1. Nf3 f5 2. d4 Nf6 3. e3 g6 4. b3 Bg7 5. Bb2 O-O 6. Be2 d6 7. O-O c6 8. Nbd2
Nbd7 9. Bc4+ d5 10. Be2 Ne4 11. c4 a5 12. Qc2 Ndf6 13. cxd5 cxd5 14. Rac1 Bd7
15. Qc7 Bc6 16. Qxd8 Rfxd8 17. Nxe4 Nxe4 18. Rc2 a4 19. b4 Nd6 20. a3 Nc4 21.
Bxc4 dxc4 22. Ne5 Bxe5 23. dxe5 Be4 24. Rcc1 Rd2 25. Bd4 Rc8 26. f3 Bd3 27.
Rfd1 Rxd1+ 28. Rxd1 Kf7 29. Bc3 Ke6 30. Kf2 Rf8 31. h4 f4 32. exf4 Rxf4 33. g3
Rf8 34. Ke3 h6 35. Rh1 Rd8 36. Rd1 g5 37. h5 g4 38. fxg4 Rg8 39. Kf3 Rf8+ 40.
Ke3 Rg8 1/2-1/2

[Event "21. Open Cappelle la Grande"]
[Site "Cappelle la Grande FRA"]
[Date "2005.02.18"]
[Round "8"]
[White "Monsieux, Cyril"]
[Black "Velikov, Petar"]
[Result "1/2-1/2"]
[WhiteElo "2189"]
[BlackElo "2430"]
[PlyCount "38"]
[EventDate "2005.02.12"]
[EventType "swiss"]
[EventRounds "9"]
[EventCountry "FRA"]
[Source "lmi"]
[SourceDate "2005.02.18"]

1. e4 c5 2. Nf3 e6 3. d4 cxd4 4. Nxd4 a6 5. c4 Nf6 6. Nc3 Qc7 7. a3 Be7 8. Be2
d6 9. Be3 b6 10. Qd2 Bb7 11. f3 Nbd7 12. b4 O-O 13. O-O Rac8 14. Rfc1 Qb8 15.
Kh1 Rfe8 16. Rab1 Bd8 17. Bg1 Bc7 18. Rc2 h6 19. Na4 Qa8 1/2-1/2

[Event "21. Open Cappelle la Grande"]
[Site "Cappelle la Grande FRA"]
[Date "2005.02.18"]
[Round "8"]
[White "Naumkin, Igor"]
[Black "Kveinys, Aloyzas"]
[Result "1/2-1/2"]
[WhiteElo "2422"]
[BlackElo "2518"]
[PlyCount "66"]
[EventDate "2005.02.12"]
[EventType "swiss"]
[EventRounds "9"]
[EventCountry "FRA"]
[Source "lmi"]
[SourceDate "2005.02.18"]

1. d4 Nf6 2. c4 e6 3. Nf3 Bb4+ 4. Nbd2 O-O 5. a3 Bxd2+ 6. Qxd2 b6 7. g3 Bb7 8.
Bg2 d6 9. O-O Nbd7 10. b3 Qe7 11. Bb2 Ne4 12. Qc2 f5 13. Rad1 Rae8 14. d5 Ndf6
15. Nd4 exd5 16. Nxf5 Qe6 17. Nd4 Qf7 18. cxd5 Bxd5 19. f3 Nc5 20. b4 Nb7 21.
e4 Bc4 22. Rfe1 c5 23. Nf5 Bb3 24. Qc1 Bxd1 25. Rxd1 d5 26. exd5 Qg6 27. Nh4
Qh5 28. Bh3 Kh8 29. d6 Re2 30. d7 Nd8 31. Bf1 Re7 32. Bh3 Re2 33. Bf1 Re7
1/2-1/2

[Event "21. Open Cappelle la Grande"]
[Site "Cappelle la Grande FRA"]
[Date "2005.02.18"]
[Round "8"]
[White "Palac, Mladen"]
[Black "Raetsky, Alexander"]
[Result "1/2-1/2"]
[WhiteElo "2575"]
[BlackElo "2459"]
[PlyCount "35"]
[EventDate "2005.02.12"]
[EventType "swiss"]
[EventRounds "9"]
[EventCountry "FRA"]
[Source "lmi"]
[SourceDate "2005.02.18"]

1. e4 e5 2. Nf3 Nf6 3. Nxe5 d6 4. Nc4 Nxe4 5. Qe2 Qe7 6. Ne3 c6 7. c4 g6 8. d3
Nc5 9. Bd2 Bh6 10. Nc3 Nbd7 11. O-O-O Nf6 12. Re1 O-O 13. Nc2 Qxe2 14. Bxe2
Bxd2+ 15. Kxd2 a5 16. f3 Bd7 17. d4 Ne6 18. g3 1/2-1/2

[Event "21. Open Cappelle la Grande"]
[Site "Cappelle la Grande FRA"]
[Date "2005.02.18"]
[Round "8"]
[White "Palo, Davor"]
[Black "Heberla, Bartolomiej"]
[Result "1-0"]
[WhiteElo "2541"]
[BlackElo "2438"]
[PlyCount "89"]
[EventDate "2005.02.12"]
[EventType "swiss"]
[EventRounds "9"]
[EventCountry "FRA"]
[Source "lmi"]
[SourceDate "2005.02.18"]

1. d4 g6 2. c4 Bg7 3. e4 d6 4. Nf3 e5 5. Be2 Nc6 6. d5 Nce7 7. Nc3 f5 8. exf5
Nxf5 9. O-O Nf6 10. Bd3 O-O 11. Bd2 Bd7 12. Re1 c5 13. dxc6 Bxc6 14. Ng5 Nd4
15. Be3 Qd7 16. Nge4 Nxe4 17. Bxe4 Bxe4 18. Nxe4 d5 19. cxd5 Qxd5 20. Nc3 Qf7
21. Qd3 Rac8 22. Rac1 Rfd8 23. Qf1 Rc6 24. Rcd1 Rdc8 25. Rd2 a6 26. Red1 b5 27.
a3 Qb3 28. h3 b4 29. axb4 Qxb4 30. Qd3 Rd8 31. Kh1 Qc4 32. Qe4 Rcd6 33. f4 exf4
34. Qxf4 Qf7 35. Qxf7+ Kxf7 36. Ne4 Rd5 37. Ng5+ Kg8 38. Nf3 Nf5 39. Rxd5 Rxd5
40. Rxd5 Nxe3 41. Rd8+ Kf7 42. Rd7+ Kg8 43. b3 a5 44. Ng5 Bc3 45. Rd3 1-0

[Event "21. Open Cappelle la Grande"]
[Site "Cappelle la Grande FRA"]
[Date "2005.02.18"]
[Round "8"]
[White "Payen, Arnaud"]
[Black "Fedorchuk, Sergey A"]
[Result "1-0"]
[WhiteElo "2384"]
[BlackElo "2570"]
[PlyCount "65"]
[EventDate "2005.02.12"]
[EventType "swiss"]
[EventRounds "9"]
[EventCountry "FRA"]
[Source "lmi"]
[SourceDate "2005.02.18"]

1. d4 Nf6 2. c4 e6 3. g3 c5 4. d5 exd5 5. cxd5 b5 6. Bg2 d6 7. e4 Bb7 8. Nh3 g6
9. O-O Bg7 10. f4 O-O 11. g4 Nbd7 12. Kh1 b4 13. f5 Re8 14. Nf2 h6 15. g5 hxg5
16. fxg6 fxg6 17. Bxg5 Qc7 18. Nd2 Nh7 19. Nf3 Bxb2 20. Ng4 Rxe4 21. Nh6+ Kg7
22. Qc2 Bxa1 23. Qxe4 Bf6 24. Nh4 Ne5 25. Bf4 Bxh4 26. Bxe5+ Bf6 27. Bf4 Qe7
28. Qf3 Rf8 29. Qg3 Be5 30. Be4 Rf6 31. Rg1 Bxf4 32. Qxg6+ Rxg6 33. Rxg6+ 1-0

[Event "21. Open Cappelle la Grande"]
[Site "Cappelle la Grande FRA"]
[Date "2005.02.18"]
[Round "8"]
[White "Rozentalis, Eduardas"]
[Black "Di Caro, Calogero"]
[Result "1/2-1/2"]
[WhiteElo "2584"]
[BlackElo "2397"]
[PlyCount "55"]
[EventDate "2005.02.12"]
[EventType "swiss"]
[EventRounds "9"]
[EventCountry "FRA"]
[Source "lmi"]
[SourceDate "2005.02.18"]

1. e4 e6 2. d4 d5 3. e5 c5 4. c3 Nc6 5. Nf3 Qb6 6. Be2 f6 7. O-O Bd7 8. a3 fxe5
9. dxe5 Nh6 10. Re1 c4 11. b4 cxb3 12. Bxh6 gxh6 13. Nbd2 Bc5 14. Rf1 Na5 15.
Rb1 Ba4 16. Ne1 O-O-O 17. Nd3 Kb8 18. Bg4 Bxa3 19. Ra1 b2 20. Qxa4 bxa1=Q 21.
Rxa1 Nc4 22. Rb1 Qc7 23. Nf3 Bc5 24. Nf4 Rhe8 25. Nxe6 Rxe6 26. Bxe6 Nxe5 27.
Nd4 Bb6 28. Qb3 1/2-1/2

[Event "21. Open Cappelle la Grande"]
[Site "Cappelle la Grande FRA"]
[Date "2005.02.18"]
[Round "8"]
[White "Ruckschloss, Karol"]
[Black "Georgiev, Krum"]
[Result "0-1"]
[WhiteElo "2293"]
[BlackElo "2456"]
[PlyCount "70"]
[EventDate "2005.02.12"]
[EventType "swiss"]
[EventRounds "9"]
[EventCountry "FRA"]
[Source "lmi"]
[SourceDate "2005.02.18"]

1. c4 Nf6 2. d4 g6 3. Nc3 Bg7 4. e4 d6 5. Be2 O-O 6. h4 c5 7. d5 e6 8. h5 exd5
9. exd5 Qe7 10. Kf1 Nbd7 11. g4 Ne5 12. f3 Nfd7 13. Nh3 Nb6 14. Qb3 gxh5 15.
gxh5 Nexc4 16. Ne4 Ne5 17. h6 Bh8 18. Nf4 Ng6 19. Bd2 Be5 20. Nh5 Bd7 21. Re1
Kh8 22. Bc3 Ba4 23. Qa3 Bc2 24. Nef6 Nf4 25. Bxe5 dxe5 26. Rc1 Nxh5 27. Nxh5
Bg6 28. Kf2 Rac8 29. Rcd1 Rfd8 30. Qxa7 Nxd5 31. Qa3 Bxh5 32. Rxh5 Nf4 33. Rhh1
Rxd1 34. Bxd1 Qg5 35. Rh2 Rg8 0-1

[Event "21. Open Cappelle la Grande"]
[Site "Cappelle la Grande FRA"]
[Date "2005.02.18"]
[Round "8"]
[White "Shchekachev, Andrei"]
[Black "Bielczyk, Jacek"]
[Result "1/2-1/2"]
[WhiteElo "2559"]
[BlackElo "2344"]
[PlyCount "90"]
[EventDate "2005.02.12"]
[EventType "swiss"]
[EventRounds "9"]
[EventCountry "FRA"]
[Source "lmi"]
[SourceDate "2005.02.18"]

1. Nf3 Nf6 2. c4 g6 3. Nc3 d6 4. e4 Bg7 5. d4 O-O 6. Be2 Bg4 7. Be3 Nfd7 8. Rc1
c5 9. d5 Na6 10. Ng5 Bxe2 11. Qxe2 h6 12. Nf3 Nc7 13. O-O a6 14. Rfd1 b5 15. e5
dxe5 16. Ne4 Ne8 17. Nxc5 bxc4 18. Ne6 fxe6 19. dxe6 Nd6 20. exd7 Qxd7 21. Rxc4
Qb5 22. Rc2 Rac8 23. Qxb5 axb5 24. Rdc1 Rxc2 25. Rxc2 Nf5 26. h3 Rd8 27. Kf1 e4
28. Nd2 Bd4 29. Bxd4 Rxd4 30. Rc8+ Kf7 31. Ke2 Nd6 32. Rc5 Ra4 33. a3 b4 34.
axb4 Rxb4 35. b3 Ke6 36. g4 Rb8 37. Ke3 Rb7 38. h4 Rb8 39. Ra5 Rb4 40. h5 gxh5
41. Rxh5 Nf7 42. Rh4 Kd5 43. Rh5+ Ke6 44. Ra5 Ne5 45. Ra6+ Kf7 1/2-1/2

[Event "21. Open Cappelle la Grande"]
[Site "Cappelle la Grande FRA"]
[Date "2005.02.18"]
[Round "8"]
[White "Shengelia, Davit"]
[Black "Burmakin, Vladimir"]
[Result "1-0"]
[WhiteElo "2482"]
[BlackElo "2554"]
[PlyCount "81"]
[EventDate "2005.02.12"]
[EventType "swiss"]
[EventRounds "9"]
[EventCountry "FRA"]
[Source "lmi"]
[SourceDate "2005.02.18"]

1. d4 c6 2. c4 d5 3. Nf3 Nf6 4. e3 Bf5 5. Nc3 e6 6. Nh4 Bg6 7. Qb3 Qc7 8. Nxg6
hxg6 9. g3 Nbd7 10. Bd2 Be7 11. Bg2 Nb6 12. cxd5 exd5 13. Rd1 O-O 14. O-O g5
15. e4 Nxe4 16. Nxe4 dxe4 17. Bxe4 Rad8 18. Ba5 Bf6 19. d5 Rfe8 20. Qc2 c5 21.
Bg2 Qd6 22. Bd2 Nd7 23. Be3 b6 24. Qa4 Bxb2 25. Bxg5 Bf6 26. Bxf6 Nxf6 27. Qxa7
c4 28. Qb7 Rc8 29. Rfe1 Rxe1+ 30. Rxe1 Rc5 31. Rb1 c3 32. Rxb6 Qf8 33. Rb1 c2
34. Rc1 Rc3 35. Qb2 Qc8 36. h3 Qc5 37. Qb8+ Kh7 38. Qe5 Qa3 39. Rxc2 Rxc2 40.
Qf5+ Kg8 41. Qxc2 1-0

[Event "21. Open Cappelle la Grande"]
[Site "Cappelle la Grande FRA"]
[Date "2005.02.18"]
[Round "8"]
[White "Skatchkov, Pavel"]
[Black "Adrian, Claude"]
[Result "1-0"]
[WhiteElo "2483"]
[BlackElo "2305"]
[PlyCount "101"]
[EventDate "2005.02.12"]
[EventType "swiss"]
[EventRounds "9"]
[EventCountry "FRA"]
[Source "lmi"]
[SourceDate "2005.02.18"]

1. d4 Nf6 2. Nf3 e6 3. g3 b6 4. Bg2 Bb7 5. c4 Bb4+ 6. Nbd2 c5 7. O-O cxd4 8.
Nb3 Be7 9. Nbxd4 O-O 10. Bf4 a6 11. Rc1 d6 12. Nb3 Ra7 13. Qd2 Ne4 14. Qc2 Nd7
15. Rfd1 Qa8 16. Be3 Rc8 17. Qb1 Nec5 18. Nbd2 Ne5 19. b4 Nxf3+ 20. Bxf3 Nd7
21. Bxb7 Rxb7 22. Ne4 Qb8 23. Bf4 Ne5 24. Qb3 Rd8 25. Qa4 Nxc4 26. Qc2 b5 27.
a4 e5 28. Bg5 d5 29. Bxe7 Rxe7 30. Nc5 bxa4 31. e4 Qxb4 32. Qxc4 Qxc4 33. Rxc4
Rc7 34. Rxd5 Rdc8 35. Rb4 a3 36. Nb3 a2 37. Kg2 Rc3 38. Ra5 Rc2 39. Rba4 Rb8
40. Na1 Re2 41. Rxa2 Rxe4 42. Rxa6 g6 43. Ra8 Rxa8 44. Rxa8+ Kg7 45. Nc2 h5 46.
Ra5 f6 47. h4 Rc4 48. Ne3 Rc3 49. Ra7+ Kh6 50. Nd5 Rc6 51. Ne7 1-0

[Event "21. Open Cappelle la Grande"]
[Site "Cappelle la Grande FRA"]
[Date "2005.02.18"]
[Round "8"]
[White "Socko, Bartosz"]
[Black "Wang Rui"]
[Result "1-0"]
[WhiteElo "2591"]
[BlackElo "2478"]
[PlyCount "75"]
[EventDate "2005.02.12"]
[EventType "swiss"]
[EventRounds "9"]
[EventCountry "FRA"]
[Source "lmi"]
[SourceDate "2005.02.18"]

1. e4 e5 2. Nf3 Nc6 3. Bb5 Nf6 4. O-O Nxe4 5. d4 Nd6 6. Bxc6 dxc6 7. dxe5 Nf5
8. Qxd8+ Kxd8 9. Nc3 Bd7 10. b3 Be7 11. Bb2 Kc8 12. Ne2 h5 13. Rfe1 a5 14. a4
c5 15. Nf4 Be6 16. Nxe6 fxe6 17. Re4 Kd7 18. g3 Raf8 19. Kg2 g5 20. h3 Rf7 21.
Rd1+ Kc6 22. Bc1 Rg8 23. g4 hxg4 24. hxg4 Nd4 25. Nxd4+ cxd4 26. Bb2 Bc5 27.
Bxd4 Bxd4 28. Rexd4 Rgf8 29. R1d2 Rh8 30. R2d3 Rhf8 31. f3 b6 32. Rc3+ Kb7 33.
Rd1 Rh8 34. Rh1 Rxh1 35. Kxh1 Rd7 36. Rd3 Rxd3 37. cxd3 Kc6 38. f4 1-0

[Event "21. Open Cappelle la Grande"]
[Site "Cappelle la Grande FRA"]
[Date "2005.02.18"]
[Round "8"]
[White "Spraggett, Kevin"]
[Black "Oleksienko, Mikhailo"]
[Result "1/2-1/2"]
[WhiteElo "2589"]
[BlackElo "2469"]
[PlyCount "63"]
[EventDate "2005.02.12"]
[EventType "swiss"]
[EventRounds "9"]
[EventCountry "FRA"]
[Source "lmi"]
[SourceDate "2005.02.18"]

1. e4 c5 2. Nf3 d6 3. d4 cxd4 4. Nxd4 Nf6 5. Nc3 a6 6. Bg5 e6 7. f4 Be7 8. Qe2
Nbd7 9. O-O-O Qc7 10. g4 b5 11. Bg2 b4 12. Nd5 exd5 13. Nf5 Nc5 14. e5 Bxf5 15.
gxf5 dxe5 16. fxe5 Nfe4 17. Bxe7 Qxe7 18. Rxd5 Qg5+ 19. Kb1 Qxf5 20. Rf1 Qe6
21. Bxe4 Nxe4 22. Qxe4 O-O 23. Qd4 Rfe8 24. b3 a5 25. Rd7 Qxe5 26. Qxe5 Rxe5
27. Rfxf7 Rg5 28. a3 Rg2 29. axb4 axb4 30. Rc7 Rg1+ 31. Kb2 Rga1 32. Rxg7+
1/2-1/2

[Event "21. Open Cappelle la Grande"]
[Site "Cappelle la Grande FRA"]
[Date "2005.02.18"]
[Round "8"]
[White "Stefansson, Hannes"]
[Black "Hebden, Mark"]
[Result "1/2-1/2"]
[WhiteElo "2561"]
[BlackElo "2521"]
[PlyCount "85"]
[EventDate "2005.02.12"]
[EventType "swiss"]
[EventRounds "9"]
[EventCountry "FRA"]
[Source "lmi"]
[SourceDate "2005.02.18"]

1. e4 e5 2. Nf3 Nc6 3. Bb5 a6 4. Ba4 Nf6 5. O-O Be7 6. Re1 b5 7. Bb3 O-O 8. h3
Bb7 9. d3 d6 10. a3 Na7 11. Nbd2 c5 12. Nf1 Rc8 13. Ba2 Nc6 14. Ng3 Qd7 15. c3
d5 16. Bg5 dxe4 17. dxe4 Qc7 18. Nf5 Rcd8 19. Qe2 c4 20. Nxe7+ Qxe7 21. Nd2 h6
22. Bh4 Na5 23. Rad1 Rd6 24. Bb1 Rfd8 25. Bc2 Bc6 26. f3 Nb7 27. Nf1 Rxd1 28.
Rxd1 Rxd1 29. Qxd1 Qc5+ 30. Bf2 Qd6 31. Qxd6 Nxd6 32. Nd2 Nd7 33. b3 Kf8 34.
Kf1 cxb3 35. Bxb3 Nb7 36. Ba2 Ndc5 37. c4 Nd3 38. Be3 Na5 39. cxb5 Bxb5 40. Kg1
Nc1 41. Bd5 Ne2+ 42. Kf2 Nc3 43. Bb6 1/2-1/2

[Event "21. Open Cappelle la Grande"]
[Site "Cappelle la Grande FRA"]
[Date "2005.02.18"]
[Round "8"]
[White "Svetushkin, Dmitry"]
[Black "Vysochin, Spartak"]
[Result "1/2-1/2"]
[WhiteElo "2530"]
[BlackElo "2579"]
[PlyCount "53"]
[EventDate "2005.02.12"]
[EventType "swiss"]
[EventRounds "9"]
[EventCountry "FRA"]
[Source "lmi"]
[SourceDate "2005.02.18"]

1. d4 d5 2. c4 c6 3. Nf3 Nf6 4. Nc3 a6 5. c5 Nbd7 6. Bf4 Nh5 7. Bg5 h6 8. Bd2
Nhf6 9. Qc2 Qc7 10. e4 dxe4 11. Nxe4 Nxe4 12. Qxe4 Nf6 13. Qc2 Be6 14. Bd3 Nd7
15. O-O Bd5 16. Rfe1 e6 17. Ne5 Nxe5 18. dxe5 Be7 19. Rac1 O-O 20. Qa4 f5 21.
exf6 Bxf6 22. Qg4 Be5 23. Qh5 Bd4 24. Re2 Rf6 25. Qh4 e5 26. Be3 Bxe3 27. Rxe3
1/2-1/2

[Event "21. Open Cappelle la Grande"]
[Site "Cappelle la Grande FRA"]
[Date "2005.02.18"]
[Round "8"]
[White "Timoshenko, Georgy"]
[Black "Brandenburg, Daan"]
[Result "1-0"]
[WhiteElo "2546"]
[BlackElo "2343"]
[PlyCount "81"]
[EventDate "2005.02.12"]
[EventType "swiss"]
[EventRounds "9"]
[EventCountry "FRA"]
[Source "lmi"]
[SourceDate "2005.02.18"]

1. e4 c5 2. Nf3 d6 3. d4 cxd4 4. Nxd4 Nf6 5. Nc3 Nc6 6. Bg5 e6 7. Qd2 a6 8.
O-O-O Bd7 9. f3 Be7 10. Kb1 Rc8 11. h4 b5 12. Nxc6 Rxc6 13. Bd3 b4 14. Ne2 a5
15. g4 h5 16. Bxf6 Bxf6 17. g5 Be7 18. f4 Qb6 19. f5 Qc5 20. Rhf1 a4 21. b3 a3
22. Bc4 Qe5 23. Nd4 Rb6 24. Rde1 Bc8 25. c3 bxc3 26. Qxc3 Bd7 27. Qd2 O-O 28.
Nf3 Qc5 29. Rc1 Bb5 30. Be2 Bxe2 31. Rxc5 Bxf1 32. Rc7 Bd8 33. Rd7 Bh3 34. g6
Bf6 35. Ng5 fxg6 36. Nxh3 gxf5 37. Rxd6 Rxd6 38. Qxd6 fxe4 39. Qxe6+ Kh8 40.
Qxe4 Bb2 41. Ng5 1-0

[Event "21. Open Cappelle la Grande"]
[Site "Cappelle la Grande FRA"]
[Date "2005.02.18"]
[Round "8"]
[White "Totsky, Leonid"]
[Black "Gerard, Nicolas"]
[Result "1-0"]
[WhiteElo "2515"]
[BlackElo "2329"]
[PlyCount "65"]
[EventDate "2005.02.12"]
[EventType "swiss"]
[EventRounds "9"]
[EventCountry "FRA"]
[Source "lmi"]
[SourceDate "2005.02.18"]

1. e4 e5 2. Bc4 Nf6 3. d3 c6 4. Nf3 d5 5. Bb3 Bd6 6. exd5 Nxd5 7. O-O O-O 8.
Re1 Qf6 9. Nbd2 Bc7 10. Ne4 Qg6 11. Ng3 Re8 12. c4 Nb4 13. d4 Bg4 14. a3 Bxf3
15. gxf3 N4a6 16. dxe5 Qe6 17. f4 c5 18. Qd5 Nc6 19. Be3 Rad8 20. Qxe6 Rxe6 21.
Rad1 Nd4 22. Bxd4 cxd4 23. c5 Rc6 24. Nf5 Rg6+ 25. Kf1 Rg4 26. e6 Nxc5 27.
exf7+ Kf8 28. Ba2 Rxf4 29. Rxd4 Rfxd4 30. Nxd4 g6 31. b4 Kg7 32. bxc5 Rxd4 33.
Re8 1-0

[Event "21. Open Cappelle la Grande"]
[Site "Cappelle la Grande FRA"]
[Date "2005.02.18"]
[Round "8"]
[White "Vuckovic, Bojan"]
[Black "Czarnota, Pawel"]
[Result "1/2-1/2"]
[WhiteElo "2525"]
[BlackElo "2432"]
[PlyCount "66"]
[EventDate "2005.02.12"]
[EventType "swiss"]
[EventRounds "9"]
[EventCountry "FRA"]
[Source "lmi"]
[SourceDate "2005.02.18"]

1. e4 c5 2. Nf3 d6 3. d4 cxd4 4. Nxd4 Nf6 5. Nc3 Nc6 6. Bg5 e6 7. Qd2 a6 8.
O-O-O Bd7 9. f4 b5 10. Bxf6 gxf6 11. Kb1 b4 12. Nce2 Qb6 13. Nxc6 Bxc6 14. f5
e5 15. Ng3 Qc5 16. Bd3 Ke7 17. Nh5 Rg8 18. Rhg1 Rg5 19. Qe2 Bh6 20. h4 Rgg8 21.
g4 Be3 22. Rg3 Bf2 23. Rh3 Bd4 24. Qd2 d5 25. Qh6 dxe4 26. Qxf6+ Ke8 27. Bc4
Qxc4 28. Qd6 f6 29. b3 Qc5 30. Rxd4 Qxd4 31. Qxc6+ Kd8 32. Qxa8+ Kc7 33. Qxg8
Qd1+ 1/2-1/2

[Event "21. Open Cappelle la Grande"]
[Site "Cappelle la Grande FRA"]
[Date "2005.02.18"]
[Round "8"]
[White "Vul, Arkadi Eremeevich"]
[Black "Montagard, Guillaume"]
[Result "1/2-1/2"]
[WhiteElo "2430"]
[BlackElo "2178"]
[PlyCount "43"]
[EventDate "2005.02.12"]
[EventType "swiss"]
[EventRounds "9"]
[EventCountry "FRA"]
[Source "lmi"]
[SourceDate "2005.02.18"]

1. Nf3 Nf6 2. c4 d6 3. g3 e5 4. Bg2 Be7 5. d4 Nbd7 6. Nc3 c6 7. e4 O-O 8. O-O
Re8 9. h3 a6 10. Re1 b5 11. c5 Qc7 12. cxd6 Bxd6 13. dxe5 Nxe5 14. Nxe5 Bxe5
15. f4 Bxc3 16. bxc3 Be6 17. f5 Rad8 18. Qf3 Bc4 19. Bf4 Qa5 20. e5 Bd5 21. Qf2
Bxg2 22. Kxg2 1/2-1/2

[Event "21. Open Cappelle la Grande"]
[Site "Cappelle la Grande FRA"]
[Date "2005.02.18"]
[Round "8"]
[White "Williams, Simon"]
[Black "Draoui, Najib"]
[Result "1-0"]
[WhiteElo "2487"]
[BlackElo "2377"]
[PlyCount "111"]
[EventDate "2005.02.12"]
[EventType "swiss"]
[EventRounds "9"]
[EventCountry "FRA"]
[Source "lmi"]
[SourceDate "2005.02.18"]

1. d4 d5 2. c4 c6 3. Nc3 Nf6 4. Nf3 a6 5. e3 b5 6. c5 g6 7. Ne5 Bg7 8. Be2 Qc7
9. O-O O-O 10. f4 Ne4 11. Nxe4 dxe4 12. a4 Ra7 13. Qc2 Be6 14. axb5 axb5 15.
Rxa7 Qxa7 16. Qxe4 Bd5 17. Qc2 f5 18. Nd3 e6 19. Bd2 Nd7 20. Nb4 Nf6 21. Bc3
Ne4 22. b3 Ra8 23. Bf3 Qd7 24. Qb2 h6 25. Ra1 Rxa1+ 26. Qxa1 Kh7 27. Qb2 Qe7
28. Nd3 Qa7 29. Bb4 Qe7 30. Qb1 Qa7 31. Bd1 Qa8 32. Bc2 Qa7 33. Be1 Qa3 34. h3
Bh8 35. Kh2 Bg7 36. Nb4 Qa7 37. Qa2 Qxa2 38. Nxa2 Bf6 39. Ba5 Bh4 40. Bxe4 Bxe4
41. g3 Bf6 42. Bc7 g5 43. Be5 Bd8 44. Nc3 Bf3 45. b4 Kg6 46. Kg1 Kh5 47. fxg5
hxg5 48. Kf2 Bh1 49. g4+ fxg4 50. e4 gxh3 51. d5 cxd5 52. exd5 g4 53. Bg3 Bf3
54. dxe6 Bf6 55. Ne2 Bxe2 56. Kxe2 1-0

[Event "21. Open Cappelle la Grande"]
[Site "Cappelle la Grande FRA"]
[Date "2005.02.18"]
[Round "8"]
[White "Yemelin, Vasily"]
[Black "Cieza, Arcadio"]
[Result "1-0"]
[WhiteElo "2555"]
[BlackElo "2242"]
[PlyCount "79"]
[EventDate "2005.02.12"]
[EventType "swiss"]
[EventRounds "9"]
[EventCountry "FRA"]
[Source "lmi"]
[SourceDate "2005.02.18"]

1. e4 d6 2. d4 Nf6 3. Nc3 g6 4. f4 Bg7 5. Nf3 Bg4 6. Be3 c6 7. h3 Bxf3 8. Qxf3
d5 9. e5 Nfd7 10. f5 Qa5 11. Bd3 Nxe5 12. dxe5 Bxe5 13. O-O Bf6 14. Qf2 Nd7 15.
Rab1 g5 16. b4 Qc7 17. Na4 b6 18. b5 Ne5 19. bxc6 Nxc6 20. Bb5 O-O 21. Qd2 h6
22. Nc3 d4 23. Nd5 Qe5 24. Nxf6+ exf6 25. Bf2 Rac8 26. Bxc6 Rxc6 27. Bxd4 Qd5
28. c3 Rd8 29. Qe2 Rdc8 30. Rbd1 Qa5 31. Qe7 Kg7 32. a3 Qb5 33. Qxa7 R8c7 34.
Qb8 h5 35. Bxf6+ Rxf6 36. Qxc7 Rc6 37. Qg3 f6 38. Rd7+ Kh6 39. Qb8 g4 40. Qh8+
1-0

[Event "21. Open Cappelle la Grande"]
[Site "Cappelle la Grande FRA"]
[Date "2005.02.18"]
[Round "8"]
[White "Zaragatski, Ilja"]
[Black "Sulskis, Sarunas"]
[Result "1/2-1/2"]
[WhiteElo "2344"]
[BlackElo "2564"]
[PlyCount "105"]
[EventDate "2005.02.12"]
[EventType "swiss"]
[EventRounds "9"]
[EventCountry "FRA"]
[Source "lmi"]
[SourceDate "2005.02.18"]

1. e4 e5 2. Nf3 d6 3. d4 Qe7 4. Nc3 c6 5. Bc4 h6 6. O-O g5 7. dxe5 dxe5 8. a4
a5 9. Nd2 Nf6 10. Be2 Qc7 11. Nc4 Bb4 12. Qd3 Be6 13. b3 Nbd7 14. Bb2 O-O-O 15.
Qe3 Bc5 16. Qg3 h5 17. Qxg5 h4 18. Kh1 Bd4 19. Qc1 Rdg8 20. Qe1 Nh5 21. Bxh5
Rxh5 22. Ne3 Nf6 23. Rd1 Rh7 24. Rd2 Bxc3 25. Bxc3 Nxe4 26. Re2 b6 27. Nc4 Nxc3
28. Qxc3 f6 29. Ne3 Kb7 30. b4 axb4 31. Qxb4 Rd8 32. c3 Qd6 33. Qb2 h3 34. g3
Bc4 35. Qxb6+ Kxb6 36. Nxc4+ Ka6 37. Nxd6 Rxd6 38. Kg1 Rd3 39. f4 Re7 40. fxe5
fxe5 41. Rfe1 Rxc3 42. Rxe5 Rxe5 43. Rxe5 Rc1+ 44. Kf2 Rh1 45. g4 Rxh2+ 46. Kg3
Ra2 47. Kxh3 Rxa4 48. g5 Kb6 49. g6 c5 50. Re8 Ra7 51. Kg4 c4 52. Rc8 Kb5 53.
Kf5 1/2-1/2

[Event "21. Open Cappelle la Grande"]
[Site "Cappelle la Grande FRA"]
[Date "2005.02.18"]
[Round "8"]
[White "Zelcic, Robert"]
[Black "Vovk, Yuri"]
[Result "0-1"]
[WhiteElo "2514"]
[BlackElo "2420"]
[PlyCount "98"]
[EventDate "2005.02.12"]
[EventType "swiss"]
[EventRounds "9"]
[EventCountry "FRA"]
[Source "lmi"]
[SourceDate "2005.02.18"]

1. e4 c5 2. Nf3 d6 3. d4 cxd4 4. Nxd4 Nf6 5. Nc3 a6 6. a4 e6 7. Be2 Be7 8. O-O
O-O 9. f4 Nc6 10. Be3 Qc7 11. Kh1 Re8 12. Bf3 Bf8 13. Nb3 b6 14. e5 dxe5 15.
fxe5 Nd7 16. Bxc6 Qxc6 17. Nd4 Qb7 18. Qh5 g6 19. Qh4 Nxe5 20. Ne4 Be7 21. Ng5
Bxg5 22. Bxg5 f5 23. Rae1 Qd5 24. Rd1 Bb7 25. Qg3 Nf7 26. Bf6 Rac8 27. c3 Rc4
28. h3 Rxa4 29. Nf3 f4 30. Rxd5 fxg3 31. Rd7 Bxf3 32. gxf3 Rf4 33. Bd4 e5 34.
Bxb6 Rb8 35. Be3 Rxb2 36. Rd2 Rxd2 37. Bxd2 Rf5 38. Be3 Nd6 39. Kg2 e4 40. f4
Rd5 41. Bd4 Nf5 42. Ra1 a5 43. Ra2 h5 44. h4 Kf7 45. Kh3 Ke6 46. Bb6 e3 47. Bd4
Nxd4 48. cxd4 Rxd4 49. Kxg3 Re4 0-1